=LDR 00000nam 2200000 4500 =001 INLIS000000000002800 =005 20130612091123 =008 ***********************************Ind** =035 ##$$0010-061300000002800 =041 ##$$a Ind =082 ##$$a 636.5 =090 ##$$a 636.5, Tur s =100 ##$$a Turut, Rusli =245 ##$$a Sukses melatih cucakrawa berkicau, Rusli Turut =260 ##$$a 1998 $b Jakarta =300 ##$$a vi,66 hlm, ilus, 21 cm =650 ##$$a Cucakrawa =850 ##$$a NBPNMAT